Ausgang und Hafturlaub: mangelnde Kenntnisse der Praxis in der Schweiz

Saved in:  
Bibliographic Details
Main Author: Fink, Daniel (Author)
Format: Print Article
Language:German
Published: 2015
In: Schweizerische Zeitschrift für Kriminologie
Year: 2015, Volume: 14, Issue: 1, Pages: 39-46
Check availability: HBZ Gateway
Keywords:

MARC

LEADER 00000caa a2200000 c 4500
001 163029201X
003 DE-627
005 20220607121340.0
007 tu
008 150514s2015 xx ||||| 00| ||ger c
035 |a (DE-627)163029201X 
035 |a (DE-576)432853693 
035 |a (DE-599)BSZ432853693 
040 |a DE-627  |b ger  |c DE-627  |e rakwb 
041 |a ger 
100 1 |a Fink, Daniel  |4 aut 
109 |a Fink, Daniel 
245 1 0 |a Ausgang und Hafturlaub  |b mangelnde Kenntnisse der Praxis in der Schweiz  |c Daniel Fink 
264 1 |c 2015 
336 |a Text  |b txt  |2 rdacontent 
337 |a ohne Hilfsmittel zu benutzen  |b n  |2 rdamedia 
338 |a Band  |b nc  |2 rdacarrier 
773 0 8 |i In  |t Schweizerische Zeitschrift für Kriminologie  |d Bern : Stämpfli, 2002  |g 14(2015), 1, Seite 39-46  |w (DE-627)355391910  |w (DE-600)2089753-4  |w (DE-576)101178697  |x 1660-2501  |7 nnas 
773 1 8 |g volume:14  |g year:2015  |g number:1  |g pages:39-46 
951 |a AR 
ELC |b 1 
LOK |0 000 xxxxxcx a22 zn 4500 
LOK |0 001 3279496233 
LOK |0 003 DE-627 
LOK |0 004 163029201X 
LOK |0 005 20250602150306 
LOK |0 008 150514||||||||||||||||ger||||||| 
LOK |0 040   |a DE-21-110  |c DE-627  |d DE-21-110 
LOK |0 689   |a s  |a Ausgang 
LOK |0 689   |a s  |a Hafturlaub 
LOK |0 689   |a s  |a Fehlende (statische und empirische) Daten 
LOK |0 689   |a s  |a Risikobeurteilung 
LOK |0 689   |a g  |a Schweiz 
LOK |0 689   |a s  |a Sorties 
LOK |0 689   |a s  |a Congé pénitentiaires 
LOK |0 689   |a s  |a Manques de données (statistiques et empiriques) 
LOK |0 689   |a s  |a Evaluation des risiques 
LOK |0 689   |a g  |a Suisse 
LOK |0 689   |a s  |a Prison leaves 
LOK |0 689   |a s  |a Lack of (statistical and empirical) data 
LOK |0 689   |a s  |a Risk assessment 
LOK |0 689   |a g  |a Switzerland 
LOK |0 852   |a DE-21-110 
LOK |0 852 1  |m p  |9 00 
LOK |0 938   |k p 
LOK |0 939   |a 14-05-15  |b l01 
ORI |a SA-MARC-krimdoka001.raw